| 000 | 00999pam a2200193 a 4500 | ||
|---|---|---|---|
| 999 |
_c8397 _d8397 |
||
| 020 | _a0534173047 | ||
| 050 | 0 | 0 |
_aHD31 _b.C56 |
| 245 | 0 | 0 |
_aClassics of organization theory / _c[edited by] Jay M. Shafritz, J. Steven Ott. |
| 250 | _a3rd ed. | ||
| 260 |
_aPacific Grove, CA : _bBrooks/Cole Pub. Co., _cc1992. |
||
| 300 |
_aix, 534 p. : _bill. ; _c23 cm. |
||
| 440 | 0 | _aBrooks/Cole series in public administration | |
| 505 | _a 1. Introduction 2. Classical Organization Theory 3. Neoclassical Organization Theory 4. The Organization Behavior Perspective or Human Resource Theory 5. Modern Structural Organization Theory 6. System Contingency and Population Ecology Organization Theory 7. Multiple Constituencies/ Market Organization Theory 8. Power and Politics Organization Theory 9. Organizational Culture and Symbolic Management Organization Theory | ||
| 650 | 0 | _aOrganization. | |
| 650 | 0 | _aManagement. | |
| 700 | 1 | _aShafritz, Jay M. | |
| 700 | 1 | _aOtt, J. Steven. | |
| 942 | _cBK | ||